Výrobná hala – montovaná železobetónová konštrukcia

Saved in:
Bibliographic Details
Main Author: Iracká, Barbora (Author)
Other Authors: Hollý, Ivan (Thesis advisor)
Format: Manuscript Book
Language:Slovak
Published: 2021
Subjects:
Online Access:http://is.stuba.sk/zp/portal_zp.pl?podrobnosti=158613
https://opac.crzp.sk/?fn=detailBiblioForm&sid=0C216CD716E18223022009AAC853
Tags: Add Tag
No Tags, Be the first to tag this record!

MARC

LEADER 00000ntm a22000003a 4500
001 stuzp85938
003 SK-STU
005 20230512144609.6
007 ta
008 150427s2015----xo-----f-mn---000-0-slo-d
040 |a STU  |b slo 
041 0 |a slo 
100 1 |a Iracká, Barbora  |u 010110  |4 aut  |U SvF Stavebná fakulta  |T SvF Katedra betónových konštrukcií a mostov  |X 81224  |U V110  |Y 11  |7 81224 
242 0 1 |a Production hall - prefabricated reinforced concrete structure  |y eng 
245 1 0 |a Výrobná hala – montovaná železobetónová konštrukcia 
260 |c 2021 
650 4 |a vopred predpäté nosníky  |2 slo 
650 4 |a prefabrikovaný stĺp  |2 slo 
650 4 |a montovaná železobetónová konštrukcia  |2 slo 
650 4 |a prefabricated pillar  |2 eng 
650 4 |a prefabricated reinforced concrete structures  |2 eng 
650 4 |a pre-tensioned beams  |2 eng 
700 1 |a Hollý, Ivan  |u 010110  |k Z1  |4 ths  |U SvF Stavebná fakulta  |T SvF Katedra betónových konštrukcií a mostov  |X 20766  |U V110  |Y 11  |7 A000020766 
856 4 |u http://is.stuba.sk/zp/portal_zp.pl?podrobnosti=158613 
856 4 |u https://opac.crzp.sk/?fn=detailBiblioForm&sid=0C216CD716E18223022009AAC853